000 02064nam a2200397 c 4500
003 BLK
005 20201007041014.0
008 180413b bul|||||r ||||||| ||bul||
010 _aKNG00024893000
020 _a954-584-275- Х
_bиздат.: Абагар - на том(т. 4)
040 _aBLK
041 _aBUL
_cBUL
080 _aЦивилизация. Култура. Прогрес. История на културата вж 930.85
_b008
_x(100)
_z008(100)
080 _aИстория на цивилизацията. История на културата
_b930.85
_x
_z930.85
700 1 _aРалф, Филип Лий
_eсъавт.
_9365753
700 1 _aДимитрова, Рени
_eпрев. на том
_9364069
139 _aСветовните цивилизации
_bС 25
245 1 0 _aСветовните цивилизации
_bИстория и култура : В 4 т.
_cсъавт. Филип Лий Ралф; прев. на том Рени Димитрова.
_nТ. 4
_pЗападът в центъра на света ; Поява на световна цивилизация
257 _aUSA
260 София
_c1998 -
_fВраца : Полипринт
300 _c24 см
380 _a0
500 _aОриг. загл. World Civilization / Philip Lee Ralph, Robert E. Lerner, Standish Meacham, Alan T. Wood, Richard W. Hull, Edward McNail Burns. - Други авт.: Р. Е. Лернър, С. Мийчъм, А. Т. Ууд, Р. У. Хъл, Е. М. Бърнс.
650 4 _aистория
_9157727
650 4 _aКултура
_9159819
650 4 _aЦивилизация - история
_9250724
653 _aкултура
653 _aцивилизации
653 _aистория
760 1 _3- на том(т. 4)
_dАбагар, 1999
_h560 с. : ил., к.
_tТ. 4 Западът в центъра на света ; Поява на световна цивилизация
852 _aЦб 197347
856 4 _qpdf
_u
856 4 _qpdf
_u
942 _cKNG
_n0
944 _aCR
_c15.01.2003
_kМилена_Ачева
944 _aED
_c29.07.2011
_k
999 _c22512
_d22512